000 00479pab a2200181 454500
008 180718b2009 xxu||||| |||| 00| 0 eng d
100 _aSomvanshi, A.G.
245 _aEnergy conservation and environment protection initiatives in universities
260 _c2009
300 _ap.25-26.
362 _a21 Sep
650 _aUniversities
650 _aEnvironmental conservation
650 _aEnergy conservation
773 _aUniversity News
908 _aN
909 _a83966
999 _c83966
_d83966